El yo y el ello : y otros escritos de metapsicología /
Enregistré dans:
| Auteur principal: | |
|---|---|
| Autres auteurs: | , |
| Format: | Livre |
| Langue: | espagnol |
| Publié: |
México :
Alianza,
1989, c1989
|
| Collection: | (El Libro de Bolsillo ; Humanidades)
475. |
| Sujets: | |
| Tags: |
Pas de tags, Soyez le premier à ajouter un tag!
|
MARC
| LEADER | 00000nam^a2200000^a^4500 | ||
|---|---|---|---|
| 001 | 000133858 | ||
| 005 | 20250521000000.0 | ||
| 009 | 20260310095146.89 | ||
| 020 | |a 968-6354-10-7 | ||
| 037 | |a Acervo ITESO - Biblioteca | ||
| 041 | |a ESP | ||
| 082 | |a 150. 1952 |b FRE VAR ELL | ||
| 100 | |a Freud, Sigmund |e (autor) | ||
| 240 | 1 | 1 | |a [El yo y el ello: y otros escritos de metapsicología] |
| 240 | 1 | 4 | |a [El yo y el ello] |
| 240 | 1 | 1 | |a [Inhibición, síntoma y angustia] |
| 240 | 1 | 1 | |a [Formulaciones sobre los dos principios del acaecer psíquico] |
| 240 | 1 | 1 | |a [Neurosis y psicosis] |
| 240 | 1 | 4 | |a [La escisión del yo en el proceso defensivo] |
| 240 | 1 | 4 | |a [La negación] |
| 240 | 1 | 4 | |a [La pérdida de la realidad en la neurosis y la psicosis] |
| 240 | 1 | 1 | |a [Nuevas observaciones sobre las neuropsicosis de defensa] |
| 240 | 1 | 1 | |a [Obsesiones y fobias] |
| 245 | 1 | 3 | |a El yo y el ello : |b y otros escritos de metapsicología / |c S. Freud ; tr. por R. Rey Ardid, Luis López-Ballesteros y de Torres. |
| 264 | 4 | |a México : |b Alianza, |c 1989, c1989 | |
| 300 | |a 221 p. | ||
| 336 | |a texto |b txt |2 rdacontenido | ||
| 337 | |a sin mediación |b n |2 rdamedio | ||
| 338 | |a volumen |b nc |2 rdasoporte | ||
| 440 | 4 | |a (El Libro de Bolsillo ; |v 475. |p Humanidades) | |
| 500 | |a Traducción de: Das Ich und das Es | ||
| 500 | |a Traducción de: Hemmung, Symptom und Angst | ||
| 500 | |a Traducción de: Formulierungen über die zwei Prinzipien des psychischen Geschehens | ||
| 500 | |a Traducción de: Neurose und Psychose | ||
| 500 | |a Traducción de: Ichspaltung im Abwehrvorgang | ||
| 500 | |a Traducción de: Die Verneinnung | ||
| 500 | |a Traducción de: Realitätsverlust bei Neurose und Psychose: Die Abwehr-Neuropsychosen | ||
| 500 | |a Traducción de: Obsessions et Phobies: Leur mécanisme psychique et leur étiologie | ||
| 500 | |a Traducción de: Weitere Bemerkungen über die Abwehr-Neuropsychosen | ||
| 649 | |a XX | ||
| 650 | |a Ideal del Yo | ||
| 650 | |a Yo (Psicoanálisis) - |x Tema Principal | ||
| 650 | |a Ansiedad | ||
| 650 | |a Negación (Mecanismo de Defensa) | ||
| 650 | |a Mecanismos de Defensa | ||
| 650 | |a Inconsciente | ||
| 650 | |a Pulsiones | ||
| 650 | |a Fobias | ||
| 650 | |a Obsesión | ||
| 650 | |a Neurosis | ||
| 650 | |a Psicosis | ||
| 650 | |a Complejo de Edipo | ||
| 650 | |a Sueños | ||
| 650 | |a Sexualidad | ||
| 650 | |a Metapsicología - |x Tema Principal | ||
| 650 | |a Psicopatología | ||
| 650 | |a Psicoterapia | ||
| 650 | |a Psicoanálisis Freudiano - |x Tema Principal | ||
| 650 | |a Psicoanálisis - |x Teoría | ||
| 650 | |a Psicología Clínica | ||
| 650 | |a Psicología | ||
| 740 | 3 | |a El yo y el ello / |c S. Freud ; tr. por R. Rey Ardid, Luis López-Ballesteros y de Torres. | |
| 740 | 0 | |a Inhibición, síntoma y angustia / |c S. Freud ; tr. por R. Rey Ardid, Luis López-Ballesteros y de Torres. | |
| 740 | 4 | |a Los dos principios del suceder psíquico / |c S. Freud ; tr. por R. Rey Ardid, Luis López-Ballesteros y de Torres. | |
| 740 | 0 | |a Neurosis y psicosis / |c S. Freud ; tr. por R. Rey Ardid, Luis López-Ballesteros y de Torres. | |
| 740 | 0 | |a Escisión del yo en el proceso de defensa / |c S. Freud ; tr. por R. Rey Ardid, Luis López-Ballesteros y de Torres. | |
| 740 | 3 | |a La negación / |c S. Freud ; tr. por R. Rey Ardid, Luis López-Ballesteros y de Torres. | |
| 740 | 3 | |a La pérdida de la realidad en la neurosis y en la psicosis / |c S. Freud ; tr. por R. Rey Ardid, Luis López-Ballesteros y de Torres. | |
| 740 | 4 | |a Las neuropsicosis de defensa / |c S. Freud ; tr. por R. Rey Ardid, Luis López-Ballesteros y de Torres. | |
| 740 | 0 | |a Nuevas observaciones sobre las neuropsicosis de defensa / |c S. Freud ; tr. por R. Rey Ardid, Luis López-Ballesteros y de Torres. | |
| 740 | 0 | |a Obsesiones y fobias / |b Su mecanismo psíquico y su etiología / |c S. Freud ; tr. por R. Rey Ardid, Luis López-Ballesteros y de Torres. | |
| 700 | |a López-Ballesteros y de Torres, Luis |e (traducción) | ||
| 700 | |a Rey Ardid, Ramón |e (traducción) | ||
| 910 | |a Fondo General | ||
| 920 | |a Impresos - Libros | ||
| 930 | |a Colección General | ||
| 905 | |a 101 | ||
| 901 | |a 0500062675 |b IT1 |c ACC |u 20250521 | ||
| 902 | |a https://opac.biblio.iteso.mx/vufind/Record/000133858 | ||